| 000 | 00910nam a22002417a 4500 | ||
|---|---|---|---|
| 001 | BD-DhSAU 8661 | ||
| 003 | BD-DhSAU | ||
| 005 | 20181217140018.0 | ||
| 008 | 150613b2013 bg a||||r|||| 000 0 eng d | ||
| 040 | _aBD-DhSAU | ||
| 082 |
_222 _a595.7 _bH211 |
||
| 100 |
_aHaque, Md. Nafijul _eRegistration No. # 06-1887 |
||
| 245 |
_aEvaluation of some chemical and botanical management practices in controlling major insect pests of soybean / _bMS thesis _cby Md. Nafijul Haque |
||
| 260 |
_aSher-e- Bangla Agricultural University : _bDepartment of Entomology, _c2013. |
||
| 300 |
_aix, 50 p. : _bill. ; _c30 cm. |
||
| 590 | _ajoy | ||
| 650 | _aEntomology. | ||
| 650 |
_aControl _vSoybean _xMajor insect pest |
||
| 700 |
_aAkter, Ayesha _eSupervisor |
||
| 700 |
_aRahman, Mizanur _eCo-Supervisor |
||
| 856 | _uhttp://archive.saulibrary.edu.bd:8080/xmlui/handle/123456789/1341 | ||
| 942 |
_2ddc _cTHESIS |
||
| 999 |
_c8661 _d8661 |
||